Vista normal Vista MARC

Entrada Personal Name

Número de registros utilizados en: 3

001 - CONTROL NUMBER

  • control field: 41942

003 - CONTROL NUMBER IDENTIFIER

  • control field: OSt

005 - DATE AND TIME OF LATEST TRANSACTION

  • control field: 20220211142913.0

008 - FIXED-LENGTH DATA ELEMENTS

  • fixed length control field: 220211|| aca||aabn | a|a d

040 ## - CATALOGING SOURCE

  • Original cataloging agency: OSt
  • Transcribing agency: OSt

100 ## - HEADING--PERSONAL NAME

  • Personal name: kipling, Rudyard

670 ## - SOURCE DATA FOUND

  • Source citation: Work cat.: (OSt)15832: kipling, Rudyard, autor, Por qué el elefante tiene la trompa así / , 2017.